| 000 -LEADER |
| fixed length control field |
00624nam a22001817a 4500 |
| 005 - DATE AND TIME OF LATEST TRANSACTION |
| control field |
20240912164540.0 |
| 008 - FIXED-LENGTH DATA ELEMENTS--GENERAL INFORMATION |
| fixed length control field |
240912s2024 enk||||| |||| 00| 0 eng d |
| 020 ## - INTERNATIONAL STANDARD BOOK NUMBER |
| International Standard Book Number |
9781032704159x |
| 041 ## - LANGUAGE CODE |
| Language code of text/sound track or separate title |
eng |
| 080 ## - UNIVERSAL DECIMAL CLASSIFICATION NUMBER |
| Universal Decimal Classification number |
342.5+351 P-97 |
| 245 ## - TITLE STATEMENT |
| Title |
Public Administration Theory: |
| Remainder of title |
Evolution and Application / |
| Statement of responsibility, etc. |
Edoted by Staci M. Zavattaro. |
| 264 ## - PRODUCTION, PUBLICATION, DISTRIBUTION, MANUFACTURE, AND COPYRIGHT NOTICE |
| Place of production, publication, distribution, manufacture |
London : |
| Name of producer, publisher, distributor, manufacturer |
Routledge, |
| Date of production, publication, distribution, manufacture, or copyright notice |
2024. |
| 300 ## - PHYSICAL DESCRIPTION |
| Extent |
105 p.; |
| Other physical details |
26 cm. |
| 653 ## - INDEX TERM--UNCONTROLLED |
| keyword |
საჯარო მმართველობა |
| 653 ## - INDEX TERM--UNCONTROLLED |
| keyword |
სამართალი |
| 700 ## - ADDED ENTRY--PERSONAL NAME |
| Personal name |
Zavattaro, Staci M. |
| Relator term |
რედაქტორი |
| 9 (RLIN) |
23208 |
| 942 ## - ADDED ENTRY ELEMENTS (KOHA) |
| Source of classification or shelving scheme |
|
| Koha item type |
წიგნი |